| 000 | 00805 a2200193 4500 | ||
|---|---|---|---|
| 003 | Nust | ||
| 005 | 20230204144145.0 | ||
| 010 | _a45007665 | ||
| 040 | _cNust | ||
| 082 | _a947,LOV | ||
| 100 |
_aLovell, Maurice. _9108545 |
||
| 245 |
_aThe Soviets and overselves Landsmen and seafarers _bWith 14 isotype charts in colour and 32 photographs / _cMaurice Lovell |
||
| 260 |
_aLondon, Toronto [etc.] _bG. G. Harrap _c1945 |
||
| 300 |
_a63 p. _billus. _c(incl. ports) 23 cm. |
||
| 505 | _aThe Trouble With The Russians Is (Page-9), How Big Is The Question (Page-23), Well, It’s A Long Story (Page-28), What Are The Facts (Page-39), More Facts (Page-44), Getting On With The Russian (Page-61). | ||
| 600 |
_aLovell, Maurice. _9108545 |
||
| 650 |
_aComparison of Russia & England _9108546 |
||
| 942 |
_2ddc _cBK |
||
| 999 |
_c187394 _d187394 |
||